000 00818nam a2200301 b 4500
001 00941487
003 DO-SdBNP
005 20180222152950.0
007 00941487
008 980721s1996 sp | ||| ||spa
016 7 _a
_2BPMSU
017 _a
_b
020 _a8440680791
035 _a
040 _aBPMSU
_bspa
_cBPMSU
_e
041 1 _aspa
_h
080 0 _a
080 0 _a
100 1 _aAdams, Scott
_d1957-
240 1 0 _aYou don't need experience if you've got attitude
_lespaƱol
245 1 0 _aSi tienes empuje no necesitas experiencia :
_bun libro de Dilbert /
_h
_c Scott Adams
250 _a
260 _aBarcelona :
_bEdiciones B
_c1997
300 _a[32] p.
_b il. ;
_c17 cm
942 _2ddc
_cBK
945 _aInventariado, 2018 / BT
956 _aVMATEO
_210
_320160425
_6BPMSU
_80069
999 _c9909
_d9909